|
|
|
|
| LEADER |
00000nab a2200000 a 4500 |
| 001 |
vtls000569088 |
| 003 |
SK-MaSNL |
| 005 |
20260304090031.0 |
| 008 |
250425c1995 xo 0 slo |
| 015 |
|
|
|a SNBRB19rr/mm-uuuuu
|
| 035 |
|
|
|a CL0569226
|
| 035 |
|
|
|a urn:nbn:sk:snk-aba0pd
|
| 035 |
|
|
|a (urnnbn)urn:nbn:sk:snk:ar-a097vr
|
| 035 |
|
|
|a (uuid)1993d185-75c6-4c00-b2a2-b96236aa410d
|
| 040 |
|
|
|a SNKBUCL
|b slo
|c SNKBUCL
|e AACR2
|
| 041 |
0 |
|
|a slo
|
| 044 |
|
|
|a xo
|c SK
|
| 080 |
|
|
|a 612.76:612.825.5:612.06
|2 1981
|
| 080 |
|
|
|a 612.825.5
|2 1981
|
| 080 |
|
|
|a 612.06
|2 1981
|
| 100 |
1 |
|
|a Gerhát, Štefan
|4 aut
|9 784311
|
| 245 |
1 |
0 |
|a Bisexuálna dimorfnosť v ukazovateľoch kinesteticko-diferenciačných schopností 6-17-ročnej mládeže
|c Štefan Gerhát, Zoltán Kollárovits, Sylvia Teplická
|
| 300 |
|
|
|b Tab. 3, grafy 3, res. nem., angl., lit. 6 zázn. v slov., češ., nem.
|
| 650 |
0 |
7 |
|a schopnosti kinesteticko-diferenciačné
|2 snkbucl
|9 1376175
|
| 650 |
0 |
7 |
|a dimorfnosť bisexuálna
|2 snkbucl
|9 1380395
|
| 655 |
|
7 |
|a články z novín a časopisov
|2 snkbucl
|9 267496
|
| 700 |
1 |
|
|a Kollárovits, Zoltán
|4 aut
|9 674165
|
| 700 |
1 |
|
|a Teplická, Sylvia,
|d 1959-
|4 aut
|9 12132
|
| 773 |
0 |
|
|t Telesná výchova a šport
|g Roč. 5, č. 4 (1995), s. 12-16
|
| 850 |
|
|
|a Slovenská národná knižnica
|
| 852 |
|
|
|a Slovenská národná knižnica
|
| 954 |
|
|
|a odborná, vedecká literatúra pôvodná (slovenská)
|2 lita
|
| 958 |
|
|
|a article13
|
| 958 |
|
|
|a OND
|
| 958 |
|
|
|a RK
|
| 958 |
|
|
|a MI
|
| 958 |
|
|
|a EUIPO
|
| 992 |
|
|
|a RBX
|
| 999 |
|
|
|c 2810115
|d 2812045
|